Pays producteurs de vanille - Statistiques

Statistiques générales
  • Ce quiz a été pris 176 fois
    153 depuis la dernière actualisation
  • Le résultat moyen est 4 sur 11
Statistiques - réponses
Tonnes Pays % Correct
1900 Madagascar
81%
82 France (Polynésie française, La Réunion & Guadeloupe)
72%
1300 Chine
69%
2400 Indonésie
67%
395 Mexique
46%
66 Comores
22%
270 Turquie
14%
200 Tonga
7%
30 Ouganda
6%
5 Zimbabwe
6%
20 Malawi
2%
Aucun quiz correspondant
Distribution des résultats
% des personnes avec chaque résultat
Percentile par nombre de réponses
Votre historique - résultats
Vous n’avez pas pris ce quiz depuis la dernière actualisation